Rupert Friend Filmography - Statistics

General Stats
  • This quiz has been taken 3 times
  • The average score is 2 of 28
Answer Stats
Hint Answer % Correct
2022 Asteroid City
67%
2017 The Death of Stalin
67%
2008 The Boy in the Striped Pajamas
33%
2011 5 Days of War
0%
2018 A Simple Favor
0%
2018 At Eternity's Gate
0%
2009 Chéri
0%
2015 Hitman: Agent 47
0%
2021 Infinite
0%
2008 Jolene
0%
2021 Last Looks
0%
2010 Lullaby For Pi
0%
2014 Meet Me in Montenegro
0%
2005 Mrs. Palfrey at the Claremont
0%
2007 Outlaw
0%
2005 Pride and Prejudice
0%
2021 Separation
0%
2013 Starred Up
0%
2021 The French Dispatch
0%
2010 The Kid
0%
2007 The Last Legion
0%
2004 The Libertine
0%
2007 The Moon and the Stars
0%
TBD The Wonderul Story of Henry Sugar
0%
2009 The Young Victoria
0%
2013 The Zero Theorem
0%
2012 To Write Love on Her Arms
0%
2007 Virgin Territory
0%
No matching quizzes found
Score Distribution
Percent of People with Each Score
Percentile by Number Answered
Your Score History
You have not taken this quiz